| 000 | 00443nam a2200169 a 4500 | ||
|---|---|---|---|
| 005 | 20140310183258.0 | ||
| 008 | 970101s19uu xx 00 eng d | ||
| 020 | _a014062273x | ||
| 050 |
_aPZ 7 _b.C774 1997 |
||
| 100 | _aCoolidge, Susan | ||
| 245 |
_aWhat Katy did / _cSusan Coolidge. |
||
| 260 |
_aHertfordshire : _bWordsworth Classics, _c1997. |
||
| 300 |
_a184 p. : _c18 cm. |
||
| 650 | _aFiction | ||
| 942 |
_cBK _2lcc |
||
| 999 |
_c20909 _d20909 |
||